1556 1923 1675 1148 1371 1202 1062 1006 1712 1745 1972 1316 1132 1559 1800 1895 1048 1066 1910 1375 1408 1147 1786 1535 1393 1879 1115 1826 1849 1687 1579 1003 1399 1350 1284 1589 1303 1162 1889 1586 1978 1647 1660 1340 1859 1155 1610 1064 1228 1317 1139 1205 1642 1531 1064 1813 1582 1135 1934 1749 1504 1230 1063 1122 1709 1804 1345 1291 1376 1518 1940 1483 1792 1763 1094 1519 1417 1711 1042 1772 1273 1601 1585 1606 1714 1401 1456 1175 1503 1975 1451 1194 1241 1348 1739 1035 1696 1631 1528 BCNSPRNW ULIB Ver.6.0+V

เปลี่ยนเป็นภาษาไทย

Change to English
 แสดงรายละเอียดบรรณานุกรม
  กลับหน้าหลัก

Brief Record : Get Marc (ISO 2709) : E-mail record : QR code < ปิดหน้าต่าง
LEADER : 00000nam 2200000uu 4500
001    13399113050
003     ULIB
008    110922s2548||||th 000 0 tha d
020    9749023102
050  4 PE1128^bว615 2546
100 0  Thornbury, Scott
245 10 วิธีสอนศัพท์ =^bHow to teach vocabulary /^cThornbury, Scott
246 31 How to teach vocabulary
250    พิมพ์ครั้งที่ 1
260    กรุงเทพฯ :^bPearson Education incochina,^c2548
300    237 หน้า
650  7 ภาษาอังกฤษ^xการศึกษาและการสอน
650  7 ภาษาอังกฤษ^xคำศัพท์
945    ^p430^l0^i021436
945    ^p430^l0^i021437
995    ทศพร
999 ^a ทศพร
รายการนี้ยังไม่มีแท็ก
คุณยังไม่ได้ล็อกอิน คุณสามารถมีกิจกรรมร่วมกับเว็บไซต์ได้ แต่ต้องล็อกอินก่อน ::
  ล็อกอิน

รายการสื่อสารสนเทศ

ลำดับที่ ประเภท เลขเรียก/บาร์โค้ด สถานที่ สถานะ
- ไม่พบข้อมูล -

รายการใกล้เคียง
    ผู้แต่ง [Thornbury, Scott]

    หัวเรื่อง [ภาษาอังกฤษ การศึกษาและการสอน]
    หัวเรื่อง [ภาษาอังกฤษ คำศัพท์]

BibComment


ยังไม่เคยถูกคอมเมนท์

คอมเมนท์ทรัพยากรรายการนี้
  คอมเมนท์: วิธีสอนศัพท์ How..


 Copyright 2026. Bcnsprnw @Library